<?xml version="1.0" encoding="UTF-8"?>
<record
    xmlns:xsi="http://www.w3.org/2001/XMLSchema-instance"
    xsi:schemaLocation="http://www.loc.gov/MARC21/slim http://www.loc.gov/standards/marcxml/schema/MARC21slim.xsd"
    xmlns="http://www.loc.gov/MARC21/slim">

  <leader>02820cam a2200361 i 4500</leader>
  <controlfield tag="001">17779359</controlfield>
  <controlfield tag="005">20141001134654.0</controlfield>
  <controlfield tag="008">130613t20142014moua     b    001 0 eng  </controlfield>
  <datafield tag="010" ind1=" " ind2=" ">
    <subfield code="a">  2013023843</subfield>
  </datafield>
  <datafield tag="020" ind1=" " ind2=" ">
    <subfield code="a">9781455733064 (pbk. : alk. paper)</subfield>
  </datafield>
  <datafield tag="020" ind1=" " ind2=" ">
    <subfield code="a">1455733067 (pbk. : alk. paper)</subfield>
  </datafield>
  <datafield tag="035" ind1=" " ind2=" ">
    <subfield code="a">(DNLM)101610377</subfield>
  </datafield>
  <datafield tag="040" ind1=" " ind2=" ">
    <subfield code="a">DNLM/DLC</subfield>
    <subfield code="c">DLC</subfield>
    <subfield code="e">rda</subfield>
    <subfield code="d">DLC</subfield>
  </datafield>
  <datafield tag="042" ind1=" " ind2=" ">
    <subfield code="a">pcc</subfield>
  </datafield>
  <datafield tag="050" ind1="0" ind2="0">
    <subfield code="a">RG 951</subfield>
    <subfield code="b">.M87 2014</subfield>
  </datafield>
  <datafield tag="060" ind1="1" ind2="0">
    <subfield code="a">WY 157.3</subfield>
  </datafield>
  <datafield tag="082" ind1="0" ind2="0">
    <subfield code="a">618.2/0231</subfield>
  </datafield>
  <datafield tag="100" ind1="1" ind2=" ">
    <subfield code="a">Murray, Sharon Smith,</subfield>
    <subfield code="e">author.</subfield>
  </datafield>
  <datafield tag="245" ind1="1" ind2="0">
    <subfield code="a">Foundations of maternal-newborn and women's health nursing /</subfield>
    <subfield code="c">Sharon Smith Murray, MSN, Professor Emerita, Health Professions, Golden West College, Hungting Beach, California, Emily Slone Mckinney, MSN, RN, C, Nurse Educator and Consultant, Dallas, Texas.</subfield>
  </datafield>
  <datafield tag="250" ind1=" " ind2=" ">
    <subfield code="a">6th edition.</subfield>
  </datafield>
  <datafield tag="260" ind1=" " ind2=" ">
    <subfield code="a">U.S.A :</subfield>
    <subfield code="b">Elseveir/Saunders,</subfield>
    <subfield code="c">c2014.</subfield>
  </datafield>
  <datafield tag="300" ind1=" " ind2=" ">
    <subfield code="a">xxviii, 852 pages :</subfield>
    <subfield code="b">color illustrations ;</subfield>
    <subfield code="c">28 cm</subfield>
  </datafield>
  <datafield tag="504" ind1=" " ind2=" ">
    <subfield code="a">Includes bibliographical references and index.</subfield>
  </datafield>
  <datafield tag="505" ind1="0" ind2=" ">
    <subfield code="a">Pt. 1. Foundations for nursing care of childbearing families -- Maternity and women's health care today -- The Nurse's Role in Maternity and Women's Health Care -- Ethical, social, and legal issues -- Reproductive anatomy and physiology -- Hereditary and environmental influences on childbearing -- Pt. 2. The family before birth -- Conception and prenatal development -- Physiologic adaptations to pregnancy -- Psychosocial adaptations to pregnancy -- Nutrition for childbearing -- Antepartum fetal assessment -- Perinatal education -- Pt. 3. The family during birth -- Processes of birth -- Nursing care during labor and birth -- Intrapartum fetal surveillance -- Pain management during childbirth -- Nursing care during obstetric procedures -- Pt. 4. -- The family following birth -- Postpartum physiologic adaptations -- Postpartum psychosocial adaptations -- Normal newborn: processes of adaptation -- Assessment of the normal newborn -- Care of the normal newborn -- Infant feeding -- Home care of the infant -- Pt. 5. Families at risk during the childbearing period -- The childbearing family with special needs -- Complications of pregnancy -- Concurrent disorders during pregnancy -- Intrapartum complications -- Postpartum maternal complications -- High-risk newborn: complications associated with gestational age and development -- High-risk newborn: acquired and congenital conditions -- Pt. 6. Women's health care -- Family planning -- Infertility -- Preventive care for women -- Women's health problems.</subfield>
  </datafield>
  <datafield tag="521" ind1=" " ind2=" ">
    <subfield code="a">Nursing</subfield>
  </datafield>
  <datafield tag="650" ind1="1" ind2="2">
    <subfield code="a">Maternal-Child Nursing.</subfield>
  </datafield>
  <datafield tag="650" ind1="2" ind2="2">
    <subfield code="a">Family Health.</subfield>
  </datafield>
  <datafield tag="650" ind1="2" ind2="2">
    <subfield code="a">Women's Health.</subfield>
  </datafield>
  <datafield tag="700" ind1="1" ind2=" ">
    <subfield code="a">McKinney, Emily Slone,</subfield>
    <subfield code="e">author.</subfield>
  </datafield>
  <datafield tag="906" ind1=" " ind2=" ">
    <subfield code="a">7</subfield>
    <subfield code="b">cbc</subfield>
    <subfield code="c">orignew</subfield>
    <subfield code="d">1</subfield>
    <subfield code="e">ecip</subfield>
    <subfield code="f">20</subfield>
    <subfield code="g">y-gencatlg</subfield>
  </datafield>
  <datafield tag="942" ind1=" " ind2=" ">
    <subfield code="2">lcc</subfield>
    <subfield code="c">BK</subfield>
    <subfield code="k">FOR</subfield>
  </datafield>
  <datafield tag="999" ind1=" " ind2=" ">
    <subfield code="c">275985</subfield>
    <subfield code="d">275985</subfield>
  </datafield>
  <datafield tag="952" ind1=" " ind2=" ">
    <subfield code="0">0</subfield>
    <subfield code="1">0</subfield>
    <subfield code="2">lcc</subfield>
    <subfield code="4">0</subfield>
    <subfield code="a">CL</subfield>
    <subfield code="b">CL</subfield>
    <subfield code="c">RES</subfield>
    <subfield code="d">2014-10-01</subfield>
    <subfield code="e">Library Fund</subfield>
    <subfield code="l">3</subfield>
    <subfield code="m">5</subfield>
    <subfield code="o">RG 951 .M87 2014</subfield>
    <subfield code="p">C18800</subfield>
    <subfield code="r">2019-09-04 00:00:00</subfield>
    <subfield code="s">2019-06-19</subfield>
    <subfield code="w">2014-10-01</subfield>
    <subfield code="y">BK</subfield>
  </datafield>
</record>
